00457 2200169 4500245004300000020002200043250001100065700001600076650002100092005001900113260009700132041001400229084000800243300002100251490000600272336000900278 aBercerita dari PirucBenny ArnashText a978-602-437-543-0 aCet. 1 aBenny Arnas aSastra Indonesia a20241106081238 aJakartabBadan Pengembangan dan Pembinaan Bahasa Kementerian Pendidikan dan Kebudayaanc2018 aIndonesia a813 a160 hlm :bpdf ; a- atext